<?xml version="1.0" encoding="UTF-8"?>
<record
    xmlns:xsi="http://www.w3.org/2001/XMLSchema-instance"
    xsi:schemaLocation="http://www.loc.gov/MARC21/slim http://www.loc.gov/standards/marcxml/schema/MARC21slim.xsd"
    xmlns="http://www.loc.gov/MARC21/slim">

  <leader>01141nam a22002297a 4500</leader>
  <datafield tag="999" ind1=" " ind2=" ">
    <subfield code="c">21981</subfield>
    <subfield code="d">21981</subfield>
  </datafield>
  <controlfield tag="003">AR-CdUCM</controlfield>
  <controlfield tag="008">190425b           ||||| |||| 00| 0 spa d</controlfield>
  <datafield tag="040" ind1=" " ind2=" ">
    <subfield code="a">MUNICIPALIDAD PROVINCIAL DEL CUSCO</subfield>
    <subfield code="c">BIBLIOTECA MUNICIPAL DEL CUSCO</subfield>
  </datafield>
  <datafield tag="082" ind1=" " ind2=" ">
    <subfield code="a">CsyArts/N&#xB0;3/1958</subfield>
  </datafield>
  <datafield tag="245" ind1=" " ind2=" ">
    <subfield code="a">Ciencias y Artes :</subfield>
    <subfield code="b">Revista de Cultura /</subfield>
    <subfield code="c">&#xD3;rgano de la Gran Unidad Escolar Inca Garcilaso de la Vega</subfield>
  </datafield>
  <datafield tag="260" ind1=" " ind2=" ">
    <subfield code="a">Cusco.</subfield>
    <subfield code="b">H.G. Rozas,</subfield>
    <subfield code="c">1958.</subfield>
  </datafield>
  <datafield tag="300" ind1=" " ind2=" ">
    <subfield code="a">118 p&#xE1;ginas. :</subfield>
    <subfield code="c">21 cm.</subfield>
  </datafield>
  <datafield tag="440" ind1=" " ind2=" ">
    <subfield code="a">Revista de Cultura Ciencias y Artes.</subfield>
    <subfield code="n">A&#xF1;o II, N&#xFA;mero 3, diciembre de 1958.</subfield>
    <subfield code="9">47046</subfield>
  </datafield>
  <datafield tag="505" ind1=" " ind2=" ">
    <subfield code="a">Contenido: La orientaci&#xF3;n vocacional del alumno. Manuel Cuadros. -- Los procesos de aprendizaje y estudio. Hugo Fl&#xF3;rez Ugarte. -- La educaci&#xF3;n Inkaika. Daniel Valcarcel. -- Informe sobre el concurso de ortograf&#xED;a. David Samanez. -- Primer Symposium de Lenguaje y Literatura realizado en la gran unidad escolar Inca Garcilaso de la Vega.</subfield>
  </datafield>
  <datafield tag="650" ind1=" " ind2=" ">
    <subfield code="a">Educaci&#xF3;n</subfield>
    <subfield code="9">460</subfield>
  </datafield>
  <datafield tag="650" ind1=" " ind2=" ">
    <subfield code="a">Educaci&#xF3;n t&#xE9;cnica</subfield>
    <subfield code="9">5178</subfield>
  </datafield>
  <datafield tag="650" ind1=" " ind2=" ">
    <subfield code="a">Educaci&#xF3;n Inka</subfield>
    <subfield code="9">46648</subfield>
  </datafield>
  <datafield tag="700" ind1=" " ind2=" ">
    <subfield code="a">Valc&#xE1;rcel, Daniel</subfield>
    <subfield code="9">1727</subfield>
  </datafield>
  <datafield tag="700" ind1=" " ind2=" ">
    <subfield code="a">Cuadros, Manuel</subfield>
    <subfield code="9">47047</subfield>
  </datafield>
  <datafield tag="942" ind1=" " ind2=" ">
    <subfield code="2">ddc</subfield>
    <subfield code="c">PP</subfield>
  </datafield>
  <datafield tag="945" ind1=" " ind2=" ">
    <subfield code="a">rac</subfield>
  </datafield>
  <datafield tag="952" ind1=" " ind2=" ">
    <subfield code="0">0</subfield>
    <subfield code="2">ddc</subfield>
    <subfield code="4">0</subfield>
    <subfield code="7">0</subfield>
    <subfield code="a">HEM</subfield>
    <subfield code="b">HEM</subfield>
    <subfield code="c">CART</subfield>
    <subfield code="d">2022-02-01</subfield>
    <subfield code="g">10.00</subfield>
    <subfield code="o">CsyArts/N&#xB0;3/1958</subfield>
    <subfield code="p">REVC000487</subfield>
    <subfield code="r">2022-02-01</subfield>
    <subfield code="y">PP</subfield>
  </datafield>
</record>
